000 00603nam a2200205 u 4500
005 20240924071250.0
008 101011s2005 r 000 0 eng d
020 _a8420545198
035 _aUPN01000178098
049 _aI
050 4 _aPZ75
_bS7.6
100 1 _aSturniolo, Norma
_932194
245 1 3 _aEl niño que comía palabras /
_cNorma Sturniolo ; il. de Jesús Aguado.
260 _aMadrid :
_bPearson :
_bAlhambra,
_c2005.
300 _a78 p. :
_bil.
440 0 _a+8 años ;
_v29.
650 4 _aLiteratura infantil
_94445
650 4 _aLibros y lectura para niños
_92290
905 _aInfantil
999 _c150201
_d150201